000 00559nam a2200205Ia 4500
005 20260429112048.0
008 260429s9999||||xx |||||||||||||| ||und||
020 _a9781836594888
041 _aEnglish
082 _a070.23
_bMIT
100 _aMitchell, Jeffrey
245 0 _aCareer in journalism and mass communications /
_cJeffrey Mitchell
250 _a1st ed.
260 _aLondon :
_bETP ED- Tech Press,
_c2025.
300 _ax, 253 p.; hb
650 _a Career guidance
650 _a Mass communication
650 _aJournalism
942 _cTB
999 _c52146
_d52146